00610nam a2200133Ia 4500008004100000100001800041245007600059245013900135260004900274650001300323856004800336999001900384952007300403170221s9999 xx 000 0 und d aMin-Shik Shin 4aThe effects of credit ratings on capital structure: evidence from Korea cMin-Shik Shin, Kyungpook National University; Soo-Eun Kim, Kyungpook National University; Jong-Ho Shin, E-Hyun Accounting Corporation. bJournal of Management and Marketing Research xBusiness uhttp://www.aabri.com/manuscripts/121139.pdf c307892d307892 001040aCLbCLd2017-02-21l0r2017-02-21 00:00:00w2017-02-21yFOJ